000 00204nam a22000977a 4500
082 _a823
_bMIL/S
245 _aA SURPRISE VISITOR
260 _aUK
_bLADY BIRD
650 _aENGLISH SHORT STORY
_zUK
942 _cBK
999 _c2123
_d2123